000
00343 a2200169 4500
001
186768
020
_a
85-262-2069-1
040
_c
Magnum
100
_a
Goulfier, Simone
240
1
0
_a
Os nĂºmeros
_l
por
245
1
0
_a
Os nĂºmeros
300
_a
32
362
0
_a
1993
440
1
_a
Scipione
697
_a
LITERATURA INFANTIL
942
_c
BK
999
_c
186768
_d
186768